00410nam a2200133 a 450000100100000000500170001000800410002704000250006808200160009310000350010924500330014426000640017730000350024100003236220200930065612.0110325s19uu dr ac 000 0 spa d aDO-SdBNPbspacBNPHU axxxxbM516h1 aInchaustegui Cabral, J. Marino10aHistoria de Santo Domingo /. a[Ciuda Trujillo, República Dominicana] :b[s.n.,c[194?]. a118 p. :bil.,retrs. ;c22 cm.